<?xml version="1.0" encoding="UTF-8"?><?xml-stylesheet type="text/xsl" href="static/style.xsl"?><OAI-PMH xmlns="http://www.openarchives.org/OAI/2.0/" xmlns:xsi="http://www.w3.org/2001/XMLSchema-instance" xsi:schemaLocation="http://www.openarchives.org/OAI/2.0/ http://www.openarchives.org/OAI/2.0/OAI-PMH.xsd"><responseDate>2026-04-17T17:26:09Z</responseDate><request verb="GetRecord" identifier="oai:www.recercat.cat:20.500.12694/7094" metadataPrefix="marc">https://recercat.cat/oai/request</request><GetRecord><record><header><identifier>oai:recercat.cat:20.500.12694/7094</identifier><datestamp>2025-12-18T12:08:59Z</datestamp><setSpec>com_2072_179042</setSpec><setSpec>col_2072_484474</setSpec></header><metadata><record xmlns="http://www.loc.gov/MARC21/slim" xmlns:dcterms="http://purl.org/dc/terms/" xmlns:xsi="http://www.w3.org/2001/XMLSchema-instance" xmlns:doc="http://www.lyncode.com/xoai" xsi:schemaLocation="http://www.loc.gov/MARC21/slim http://www.loc.gov/standards/marcxml/schema/MARC21slim.xsd">
   <leader>00925njm 22002777a 4500</leader>
   <datafield ind2=" " ind1=" " tag="042">
      <subfield code="a">dc</subfield>
   </datafield>
   <datafield ind2=" " ind1=" " tag="720">
      <subfield code="a">Reixach Jofre, Quim</subfield>
      <subfield code="e">author</subfield>
   </datafield>
   <datafield ind2=" " ind1=" " tag="260">
      <subfield code="c">2019-06</subfield>
   </datafield>
   <datafield ind2=" " ind1=" " tag="520">
      <subfield code="a">Aquest treball documenta la creació d'una tenora virtual, primer pas per a la generació de la família d'instruments virtuals específics per a la cobla. L'objectiu final és donar servei a la comunitat de músics i compositors de l'àmbit en les seves tasques d'arranjament, composició i interpretació en directe. Es mostrarà tot el procés d'enregistrament i edició de les mostres i programació de l'instrument virtual, així com la seva interacció amb programari estàndard de notació musical i controladors MIDI de vent. Malgrat la seva especificitat, aquest treball es pot llegir també com a punt de partida per al disseny i programació de qualsevol instrument virtual que funcioni sota el motor de mostreig Kontakt, de l'empresa Native Instruments.</subfield>
   </datafield>
   <datafield ind2=" " ind1=" " tag="520">
      <subfield code="a">Este trabajo documenta la creación de una tenora virtual, primer paso para la generación de la familia de instrumentos virtuales específicos para la cobla. El objetivo final es prestar un servicio a la comunidad de músicos y compositores del ámbito en sus labores habituales de arreglo, composición e interpretación en directo. Se mostrará todo el proceso de grabación y edición de las muestras y la programación del instrumento virtual, así como su interacción con programas estándar de notación musical y controladores MIDI de viento. A pesar de su especificidad, este trabajo puede considerarse también como un punto de partida para el diseño y programación de cualquier instrumento virtual que funcione bajo el motor de muestreo Kontakt, de la empresa Native Instruments.</subfield>
   </datafield>
   <datafield ind2=" " ind1=" " tag="520">
      <subfield code="a">This work documents the creation of a virtual tenora, the first step in generating specific virtual instruments for a cobla. The final goal is to provide the community of musicians and composers specializing in cobla with a solution for their tasks of arrangement, composition, and live performance. The entire process of sampling, editing, and programming the virtual instrument will be demonstrated, as well as its interaction with standard musical notation software and MIDI wind controllers. Despite its specificity, this document can be used as a starting point for the design and programming of any virtual instrument utilizing the internal operation of the Native Instruments Kontakt sampling engine.</subfield>
   </datafield>
   <datafield ind1="8" ind2=" " tag="024">
      <subfield code="a">http://hdl.handle.net/20.500.12694/7094</subfield>
   </datafield>
   <datafield tag="653" ind2=" " ind1=" ">
      <subfield code="a">TFG Música tradicional</subfield>
   </datafield>
   <datafield tag="653" ind2=" " ind1=" ">
      <subfield code="a">Tenora</subfield>
   </datafield>
   <datafield tag="653" ind2=" " ind1=" ">
      <subfield code="a">Instruments musicals electrònics</subfield>
   </datafield>
   <datafield tag="653" ind2=" " ind1=" ">
      <subfield code="a">Composició musical per ordinador</subfield>
   </datafield>
   <datafield ind2="0" ind1="0" tag="245">
      <subfield code="a">Procés de creació d'una tenora virtual</subfield>
   </datafield>
</record></metadata></record></GetRecord></OAI-PMH>